<?xml version="1.0" encoding="UTF-8"?>
<record
    xmlns:xsi="http://www.w3.org/2001/XMLSchema-instance"
    xsi:schemaLocation="http://www.loc.gov/MARC21/slim http://www.loc.gov/standards/marcxml/schema/MARC21slim.xsd"
    xmlns="http://www.loc.gov/MARC21/slim">

  <leader>00870nam a2200289  04500</leader>
  <controlfield tag="001">36361</controlfield>
  <datafield tag="010" ind1=" " ind2=" ">
    <subfield code="a">9789897544378</subfield>
  </datafield>
  <datafield tag="021" ind1=" " ind2=" ">
    <subfield code="a">PT</subfield>
    <subfield code="b">466191/20</subfield>
  </datafield>
  <datafield tag="090" ind1=" " ind2=" ">
    <subfield code="a">36361</subfield>
  </datafield>
  <datafield tag="100" ind1=" " ind2=" ">
    <subfield code="a">20200526d2020    m  y0pory50030103ba</subfield>
  </datafield>
  <datafield tag="101" ind1="1" ind2=" ">
    <subfield code="a">por</subfield>
  </datafield>
  <datafield tag="102" ind1=" " ind2=" ">
    <subfield code="a">PT</subfield>
  </datafield>
  <datafield tag="200" ind1="1" ind2=" ">
    <subfield code="a">Mulheres que amam de mais</subfield>
    <subfield code="f">Robin Norwood</subfield>
    <subfield code="g">trad. Filipa Aguiar</subfield>
  </datafield>
  <datafield tag="205" ind1=" " ind2=" ">
    <subfield code="a">1.&#xAA; ed</subfield>
  </datafield>
  <datafield tag="210" ind1=" " ind2="9">
    <subfield code="a">Lisboa</subfield>
    <subfield code="c">Marcador,</subfield>
    <subfield code="d">2020</subfield>
  </datafield>
  <datafield tag="215" ind1=" " ind2=" ">
    <subfield code="a">278 p.</subfield>
    <subfield code="d">24 cm</subfield>
  </datafield>
  <datafield tag="304" ind1=" " ind2=" ">
    <subfield code="a">T&#xED;t. orig.: Women who love to much</subfield>
  </datafield>
  <datafield tag="606" ind1=" " ind2=" ">
    <subfield code="9">2890</subfield>
    <subfield code="a">Psicologia do comportamento</subfield>
  </datafield>
  <datafield tag="675" ind1=" " ind2=" ">
    <subfield code="a">316.47-055.1/.2</subfield>
    <subfield code="v">BN</subfield>
    <subfield code="z">por</subfield>
  </datafield>
  <datafield tag="675" ind1=" " ind2=" ">
    <subfield code="a">159.923-055.2</subfield>
    <subfield code="v">BN</subfield>
    <subfield code="z">por</subfield>
  </datafield>
  <datafield tag="675" ind1=" " ind2=" ">
    <subfield code="a">159.942-055.2</subfield>
    <subfield code="v">BN</subfield>
    <subfield code="z">por</subfield>
  </datafield>
  <datafield tag="700" ind1=" " ind2=" ">
    <subfield code="a">Norwood</subfield>
    <subfield code="b">Robin</subfield>
    <subfield code="9">6727</subfield>
  </datafield>
  <datafield tag="702" ind1=" " ind2=" ">
    <subfield code="a">Aguiar</subfield>
    <subfield code="b">Filipa</subfield>
    <subfield code="4">730</subfield>
    <subfield code="9">471</subfield>
  </datafield>
  <datafield tag="801" ind1=" " ind2="0">
    <subfield code="a">PT</subfield>
    <subfield code="b">BN</subfield>
    <subfield code="g">RPC</subfield>
  </datafield>
  <datafield tag="856" ind1="4" ind2="1">
    <subfield code="u">http://rnod.bnportugal.gov.pt/ImagesBN/winlibimg.aspx?skey=&amp;doc=2045741&amp;img=139962&amp;save=true</subfield>
  </datafield>
  <datafield tag="990" ind1=" " ind2=" ">
    <subfield code="c">LIVROS</subfield>
  </datafield>
  <datafield tag="994" ind1=" " ind2=" ">
    <subfield code="a">COMP</subfield>
  </datafield>
  <datafield tag="995" ind1=" " ind2=" ">
    <subfield code="0">0</subfield>
    <subfield code="1">0</subfield>
    <subfield code="9">50477</subfield>
    <subfield code="b">BMVA</subfield>
    <subfield code="d">BMVAAL</subfield>
    <subfield code="f">0034809</subfield>
    <subfield code="k">159.9 NOR</subfield>
    <subfield code="o">0</subfield>
    <subfield code="r">LIVROS</subfield>
    <subfield code="s">Oferta</subfield>
  </datafield>
</record>
